| 000 | 00695cam a2200229 a 4500 | ||
|---|---|---|---|
| 001 | 13119458 | ||
| 005 | 20251028131937.0 | ||
| 008 | 030311s2004 nju b 001 0 eng | ||
| 020 | _a0130493694 | ||
| 020 | _a9780130493699 | ||
| 050 | 0 | 0 |
_aRT48.5 _b.C67 2004 |
| 082 | 0 | 0 |
_a616.07/5 _221 |
| 100 | 1 | _aCorbett, Jane Vincent. | |
| 245 | 1 | 0 |
_aLaboratory tests and diagnostic procedures with nursing diagnoses / _cJane Vincent Corbett. |
| 250 | _a6th ed. | ||
| 260 |
_aUpper Saddle River, N.J. : _bPearson/Prentice Hall, _cc2004. |
||
| 300 |
_ax, 758 p. ; _c23 cm. |
||
| 650 | 0 | _aDiagnosis, Laboratory. | |
| 650 | 0 | _aDiagnosis. | |
| 650 | 0 | _aNursing diagnosis. | |
| 942 |
_2lcc _cBK _e6th ed. _n0 |
||
| 999 |
_c7853 _d7853 |
||